000 00696cam a22002293a 4500
001 45019
003 PGUSA
005 20140828084028.0
008 140226s2014||||xxu|||||s|||||000 | eng d
040 _aPGUSA
_beng
042 _adc
100 1 _aBalfour, Francis Maitland,
_d1851-1882
245 1 4 _aThe Works of Francis Maitland Balfour, Volume III (of 4)
_h[electronic resource] /
_cFrancis Maitland Balfour
260 _bProject Gutenberg,
_c2014
506 _aPublic domain in the USA.
516 _aElectronic text
700 1 _aSedgwick, Adam
700 1 _aFoster, Michael
_cSir
830 0 _aProject Gutenberg
_v45019
856 4 0 _uhttp://www.gutenberg.org/ebooks/45019
942 _cEB
999 _c274270
_d274270